Second Words Quiz Stats

 Plays Quiz Updated Sep 8, 2013

Support Sporcle.
Go Orange.
Score 0/20 Timer 04:00
1 Play Today
Description % Correct
Star-Spangled BannerSay
91.4%
Hamlet SoliloquyBe
84%
Lord's PrayerFather
82.6%
Miranda RightsHave
80.8%
Gettysburg AddressScore
73.9%
Jingle BellsThrough
72.4%
Neil Armstrong quoteOne
72.1%
The Preamble to the U.S. ConstitutionThe
69.1%
A Tale of Two CitiesWas
62.5%
Auld Lang SyneOld
60.7%
Description % Correct
Flintstone's themeMeet
59.7%
Baby Got BackLike
53.5%
Sporcle TaglineStimulating
50.9%
National Anthem of the UKSave
50.4%
A Whole New World (Disney)Can
48.2%
The Addams Family ThemeCreepy
46.6%
One Ring Inscription (LOTR)Ring
44.5%
New York, New YorkSpreading
42.9%
US Post Office Creed*Snow
30%
JabberwockyBrillig
17%

From the Vault

Click the Netflix Original Series II

by Noldeh

Is it still a Netflix 'Original' if they just continued a series from another network?
Remove Ads.
Support Sporcle.
Get the best of Sporcle when you Go Orange. This ad-free experience offers more features, more stats, and more fun while also helping to support Sporcle. Thank you for becoming a member.

Show Comments

Extras

Top Quizzes Today


Score Distribution

Your Account Isn't Verified!

In order to create a playlist on Sporcle, you need to verify the email address you used during registration. Go to your Sporcle Settings to finish the process.

Report this User

Report this user for behavior that violates our Community Guidelines.

Details: